Normal view
MARC view
- Safdar Khan
Entry Personal Name
001 - CONTROL NUMBER
- control field: 98327
003 - CONTROL NUMBER IDENTIFIER
- control field: NUST
005 - DATE AND TIME OF LATEST TRANSACTION
- control field: 20220822155057.0
008 - FIXED-LENGTH DATA ELEMENTS
- fixed length control field: 220822|| aca||aabn | a|a d
040 ## - CATALOGING SOURCE
- Original cataloging agency: NUST
- Transcribing agency: NUST
100 ## - HEADING--PERSONAL NAME
- Personal name: Safdar Khan
670 ## - SOURCE DATA FOUND
- Source citation: Work cat.: (NUST)9244: Safdar Khan., Online registration of NUST , 2000.
